000 01180nam a2200325 4500
001 0000021563
003 CO-CtgCURN
005 20250331191036.0
007 ta
008 160627s1982 000 0 eng d
020 _a8425210887
040 _aCO-CtgCURN
_bspa
_ccoctgcurn
082 0 _a720.973
_bD537
100 1 _aDiamonstein, Barbaralee.
245 1 0 _aDialogo con la arquitectura USA /
_cBarbaralee Diamonstein , Introducción de Paul Goldberger , Iris Menendez.
260 _aBarcelona :
_bGustavo Gili,
_c1982.
300 _a218 p.
336 _2rdacontent
337 _2rdamedia
_asin mediacion
_bn
338 _2rdacarrier
_avolumen
_bnc
490 1 _aColección punto y linea
500 _aVersion castellana de Iris Menendez. - Incluye indice.
505 8 _aMichael Graves -- Charles Gwathmey -- Richard Meier -- Charles Moore -- I. M. Pei -- Cesar Pelli -- Robert A. M. Stern
534 _aAmerican architecture now.
650 1 4 _aArquitectura
_vHistoria
_ySiglo XX
_zEstados Unidos.
700 1 _aGoldberger, Paul.
908 _a160627
942 _cBK
_h720.973
_iD537
_2ddc
999 _c25472
_d25472